Statystyki dla Drużyny występujące w I lidze 23/24

Kliknij tutaj aby rozwiązać quiz!

Ogólne statystyki

  • Ten quiz został rozwiązany 22 razy
  • Średni wynik to 15 z 18

Statystyki odpowiedzi

Liczba drużynNazwa drużyny% Poprawnych
1Wisła Kraków
100%
16Motor Lublin
94%
6Arka Gdynia
88%
11GKS Katowice
88%
18GKS Tychy
88%
12Lechia Gdańsk
88%
5Resovia Rzeszów
88%
4Stal Rzeszów
88%
9Miedź Legnica
81%
10Odra Opole
81%
17Podbeskidzie Bielsko Biała
81%
14Polonia Warszawa
81%
8Wisła Płock
81%
13Zagłębie Sosnowiec
81%
15Znicz Pruszków
75%
3Bruk Bet Termalica Nieciecza
69%
2Chrobry Głogów
63%
7Górnik Łęczna
50%

Rozkład punktacji

Percentyl według liczby udzielonych odpowiedzi

Procent ludzi z każdym wynikiem

Twoja historia wyników

Nie rozwiązałeś tego quizu